[Event "Rio de Janeiro Guanabara op 2nd"]
[Site "Rio de Janeiro"]
[Date "2014.04.26"]
[Round "6"]
[White "Nunes, Marcela Andreia Dia"]
[Black "Rabello, David Sousa"]
[Result "0-1"]
[WhiteElo "1457"]
[BlackElo "1882"]
[PlyCount "76"]
[EventDate "2014.03.15"]
[EventType "swiss"]
[EventRounds "6"]
[EventCountry "BRA"]
[SourceTitle "EXT 2018"]
[Source "ChessBase"]
[SourceDate "2017.10.13"]
[SourceVersion "1"]
[SourceVersionDate "2017.10.13"]
[SourceQuality "1"]

1. d4 Nf6 2. c4 g6 3. Nc3 Bg7 4. e4 d6 5. f4 0-0 6. Nf3 e5 7. d5 Na6 8. fxe5 dxe5 9. Bg5 h6 10. Bh4 Qd6 11. h3 Nc5 12. Qc2 a6 13. b4 Ncd7 14. c5 Qe7 15. Rd1 g5 16. Bf2 c6 17. d6 Qe8 18. Bc4 Nb8 19. 0-0 Be6 20. Qb3 Bxc4 21. Qxc4 Nbd7 22. Ne2 Qe6 23. Qxe6 fxe6 24. Nd2 a5 25. a3 axb4 26. axb4 Ra2 27. Nc1 Rb2 28. Ndb3 Nxe4 29. Be3 Ng3 30. Rxf8+ Kxf8 31. Bd2 e4 32. Kf2 Nf5 33. g4 e3+ 34. Ke2 exd2 35. Nd3 Rxb3 36. gxf5 exf5 37. Kxd2 f4 38. Re1 Bc3+ 0-1

[Event "Rio de Janeiro Guanabara op 2nd"]
[Site "Rio de Janeiro"]
[Date "2014.04.05"]
[Round "4"]
[White "De Castro, Thales Jose Fernand"]
[Black "Rabello, David Sousa"]
[Result "1-0"]
[WhiteElo "2136"]
[BlackElo "1882"]
[PlyCount "39"]
[EventDate "2014.03.15"]
[EventType "swiss"]
[EventRounds "6"]
[EventCountry "BRA"]
[SourceTitle "EXT 2018"]
[Source "ChessBase"]
[SourceDate "2017.10.13"]
[SourceVersion "1"]
[SourceVersionDate "2017.10.13"]
[SourceQuality "1"]

1. e4 c5 2. d4 cxd4 3. c3 Qa5 4. Nf3 Nf6 5. Bd3 Nc6 6. 0-0 Qb6 7. e5 Nd5 8. cxd4 Nxd4 9. Bc4 Nxf3+ 10. Qxf3 e6 11. Bxd5 exd5 12. Nc3 Qc6 13. Nxd5 d6 14. Bf4 Be6 15. Rfd1 dxe5 16. Rac1 Bxd5 17. Rxd5 Qf6 18. Rxe5+ Be7 19. Rce1 Rd8 20. Rxe7+ 1-0

[Event "Rio de Janeiro I IRT do CXG"]
[Site "Rio de Janeiro"]
[Date "2014.02.08"]
[Round "5.7"]
[White "Grilo, Marcos Barbosa"]
[Black "Rabello, David Sousa"]
[Result "0-1"]
[WhiteElo "1723"]
[BlackElo "1879"]
[PlyCount "30"]
[EventDate "2014.01.25"]
[EventType "swiss"]
[EventRounds "6"]
[EventCountry "BRA"]
[SourceTitle "EXT 2022"]
[Source "ChessBase"]
[SourceDate "2021.10.06"]
[SourceVersion "1"]
[SourceVersionDate "2021.10.06"]
[SourceQuality "1"]

1. e4 g6 2. d4 Bg7 3. f4 c5 4. Nf3 cxd4 5. Nxd4 Nc6 6. Nf3 d6 7. Bb5 Qa5+ 8. Nc3 Bxc3+ 9. bxc3 Qxb5 10. Bd2 Nf6 11. a4 Qc5 12. Qe2 0-0 13. Rb1 a6 14. Qd3 Ng4 15. Rc1 Be6 0-1

[Event "Rio de Janeiro I IRT do CXG"]
[Site "Rio de Janeiro"]
[Date "2014.02.01"]
[Round "4.5"]
[White "Rabello, David Sousa"]
[Black "Saraiva, Alexandre Pacheco"]
[Result "0-1"]
[WhiteElo "1879"]
[BlackElo "1969"]
[PlyCount "82"]
[EventDate "2014.01.25"]
[EventType "swiss"]
[EventRounds "6"]
[EventCountry "BRA"]
[SourceTitle "EXT 2022"]
[Source "ChessBase"]
[SourceDate "2021.10.06"]
[SourceVersion "1"]
[SourceVersionDate "2021.10.06"]
[SourceQuality "1"]

1. e4 c5 2. Nf3 e6 3. d4 d5 4. Nc3 cxd4 5. Nxd4 Nf6 6. e5 Nfd7 7. Bf4 Bb4 8. Be2 a6 9. 0-0 Qc7 10. Bg3 Bxc3 11. bxc3 Qxc3 12. Bh5 0-0 13. f4 Nc6 14. Nb3 Ne7 15. Be1 Qc7 16. Bg4 b6 17. Bb4 Nc5 18. Nxc5 bxc5 19. Bc3 d4 20. Bf3 Ra7 21. Bd2 Bb7 22. Qe1 Bxf3 23. Rxf3 Nd5 24. Qe4 Ne7 25. Rh3 h6 26. g4 Qc6 27. Qd3 Rd8 28. f5 c4 29. Qg3 exf5 30. gxf5 Nxf5 31. Qf4 c3 32. Qxf5 cxd2 33. Qd3 Rc7 34. Qxd2 Qxc2 35. Rd3 Qxd2 36. Rxd2 Rc5 37. Re1 d3 38. e6 fxe6 39. Rxe6 Rc2 40. Ree2 Rc1+ 41. Kf2 Rf8+ 0-1

[Event "Rio de Janeiro Primavera HERMATEC"]
[Site "Rio de Janeiro"]
[Date "2013.11.03"]
[Round "3.5"]
[White "Rabello, David Sousa"]
[Black "Deus Filho, Joaquim"]
[Result "0-1"]
[WhiteElo "1880"]
[BlackElo "2013"]
[PlyCount "56"]
[EventDate "2013.11.03"]
[EventType "swiss"]
[EventRounds "5"]
[EventCountry "BRA"]
[SourceTitle "EXT 2022"]
[Source "ChessBase"]
[SourceDate "2021.10.06"]
[SourceVersion "1"]
[SourceVersionDate "2021.10.06"]
[SourceQuality "1"]

1. e4 c5 2. Nf3 e6 3. d4 cxd4 4. Nxd4 Nc6 5. Nc3 Qc7 6. Be3 a6 7. Be2 Nf6 8. Qd2 Bb4 9. f3 d5 10. Nxc6 bxc6 11. a3 Bd6 12. g3 Rb8 13. b3 h5 14. Bg5 Be5 15. Bf4 g5 16. Bxe5 Qxe5 17. f4 gxf4 18. gxf4 Qc7 19. e5 Nd7 20. 0-0-0 c5 21. Rhg1 c4 22. b4 a5 23. b5 Qc5 24. a4 Qa3+ 25. Kb1 Nb6 26. Nxd5 exd5 27. Qd4 Nxa4 28. Bxc4 Nc3+ 0-1

[Event "Rio de Janeiro Borensztajn op 2nd"]
[Site "Rio de Janeiro"]
[Date "2013.06.30"]
[Round "6"]
[White "Diaz, Marcos"]
[Black "Rabello, David Sousa"]
[Result "0-1"]
[WhiteElo "1773"]
[BlackElo "1880"]
[PlyCount "84"]
[EventDate "2013.06.22"]
[EventType "swiss"]
[EventRounds "7"]
[EventCountry "BRA"]
[SourceTitle "EXT 2014"]
[Source "ChessBase"]
[SourceDate "2013.11.20"]
[SourceVersion "1"]
[SourceVersionDate "2013.11.20"]
[SourceQuality "1"]

1. d4 Nf6 2. c4 g6 3. Nc3 Bg7 4. Bg5 d6 5. e3 0-0 6. Bd3 Nbd7 7. Nge2 b6 8. 0-0 Bb7 9. f3 c5 10. Rc1 cxd4 11. exd4 Rc8 12. Ne4 d5 13. cxd5 Nxd5 14. Nd6 Rxc1 15. Qxc1 Ba8 16. Bh4 Qb8 17. Ne4 Rc8 18. N4c3 e5 19. Qd2 exd4 20. Nb5 Ne3 21. Re1 Bh6 22. Nbxd4 Nf5 23. Bg5 Bxg5 24. Qxg5 h6 25. Qd2 Nxd4 26. Nxd4 Qd6 27. Be4 Bxe4 28. fxe4 Ne5 29. Rd1 Ng4 30. Nf3 Qc5+ 31. Nd4 Rd8 32. Qc3 Ne5 33. Kf1 Nc6 34. Qxc5 bxc5 35. Nxc6 Rxd1+ 36. Ke2 Rb1 37. Nxa7 Rxb2+ 38. Kf3 Rxa2 39. Nc6 c4 40. h3 c3 41. Nb4 Rd2 42. g3 c2 0-1

[Event "Rio de Janeiro Borensztajn op 2nd"]
[Site "Rio de Janeiro"]
[Date "2013.06.23"]
[Round "3"]
[White "Borensztajn, David"]
[Black "Rabello, David Sousa"]
[Result "0-1"]
[WhiteElo "1871"]
[BlackElo "1880"]
[PlyCount "98"]
[EventDate "2013.06.22"]
[EventType "swiss"]
[EventRounds "7"]
[EventCountry "BRA"]
[SourceTitle "EXT 2014"]
[Source "ChessBase"]
[SourceDate "2013.11.20"]
[SourceVersion "1"]
[SourceVersionDate "2013.11.20"]
[SourceQuality "1"]

1. d4 Nf6 2. c4 g6 3. Nc3 Bg7 4. e4 d6 5. Nf3 0-0 6. Be2 e5 7. 0-0 Nbd7 8. Be3 Ne8 9. Ne1 f5 10. f3 Ndf6 11. dxe5 Nd7 12. exf5 Rxf5 13. exd6 Nxd6 14. Qd2 Qh4 15. Bf2 Qd8 16. Bg3 Nb6 17. Ne4 Be6 18. Rd1 Nbxc4 19. Bxc4 Bxc4 20. Rf2 Rd5 21. Qc2 Rxd1 22. Qxd1 Nxe4 23. Qxd8+ Rxd8 24. fxe4 Bd4 25. Bxc7 Bxf2+ 26. Kxf2 Rd2+ 27. Kg3 Rxb2 28. a4 Re2 29. Nf3 Rxe4 30. a5 Re7 31. Bd6 Re6 32. Bc5 Ra6 33. Bb4 b6 34. axb6 axb6 35. Ne5 Bf1 36. Kf2 Ra1 37. Nd7 b5 38. g3 Bh3 39. Nf6+ Kg7 40. Ne8+ Kf7 41. Nd6+ Kg8 42. Bc3 Rb1 43. Ke3 b4 44. Be5 b3 45. Kd3 Re1 46. Nc4 Bf5+ 47. Kc3 Be6 48. Bf4 Bxc4 49. Kxc4 b2 0-1

[Event "Rio de Janeiro Borensztajn op 2nd"]
[Site "Rio de Janeiro"]
[Date "2013.06.22"]
[Round "1"]
[White "De Carvalho, Jose Jorge"]
[Black "Rabello, David Sousa"]
[Result "1-0"]
[WhiteElo "2180"]
[BlackElo "1880"]
[PlyCount "75"]
[EventDate "2013.06.22"]
[EventType "swiss"]
[EventRounds "7"]
[EventCountry "BRA"]
[SourceTitle "EXT 2014"]
[Source "ChessBase"]
[SourceDate "2013.11.20"]
[SourceVersion "1"]
[SourceVersionDate "2013.11.20"]
[SourceQuality "1"]

1. e4 c5 2. Nf3 Nc6 3. Bb5 g6 4. 0-0 Bg7 5. Re1 d6 6. h3 a6 7. Bf1 Nf6 8. c3 0-0 9. d4 b5 10. Bg5 h6 11. Bh4 g5 12. Bg3 Nh5 13. Bh2 Nf4 14. Bxf4 gxf4 15. dxc5 dxc5 16. Qe2 e5 17. Nbd2 Qf6 18. a4 b4 19. Nc4 Rb8 20. Rad1 Rd8 21. Rxd8+ Qxd8 22. Rd1 Qc7 23. Nd6 bxc3 24. bxc3 Qa5 25. Nxc8 Rxc8 26. Qc4 Rd8 27. Rb1 Rb8 28. Rxb8+ Nxb8 29. Qd5 Qc7 30. Bc4 a5 31. Bb5 Kh7 32. Nd2 Qe7 33. Nc4 Qg5 34. Qxf7 Qd8 35. Nxe5 Qd1+ 36. Kh2 Qd2 37. Bc4 h5 38. Qg6+ 1-0

[Event "Guanabara op 2nd"]
[Site "Rio de Janeiro"]
[Date "2013.05.04"]
[Round "5"]
[White "Pereira, Marcos Luciano"]
[Black "Rabello, David Sousa"]
[Result "1/2-1/2"]
[WhiteElo "1913"]
[BlackElo "1898"]
[PlyCount "31"]
[EventDate "2013.04.06"]
[EventType "swiss"]
[EventRounds "6"]
[EventCountry "BRA"]
[SourceTitle "EXT 2015"]
[Source "ChessBase"]
[SourceDate "2014.11.20"]
[SourceVersion "1"]
[SourceVersionDate "2014.11.20"]
[SourceQuality "1"]

1. e4 c5 2. Nf3 d6 3. d4 cxd4 4. Nxd4 Nf6 5. Nc3 a6 6. Bc4 e6 7. 0-0 Be7 8. Be3 0-0 9. h3 Nxe4 10. Nxe4 d5 11. Bxd5 Qxd5 12. Nc3 Qa5 13. Nb3 Qc7 14. Qg4 Kh8 15. Rfd1 Nd7 16. Rd2 1/2-1/2

[Event "Guanabara op 2nd"]
[Site "Rio de Janeiro"]
[Date "2013.04.20"]
[Round "3"]
[White "Noseda, Francesco"]
[Black "Rabello, David Sousa"]
[Result "1-0"]
[WhiteElo "1917"]
[BlackElo "1898"]
[PlyCount "61"]
[EventDate "2013.04.06"]
[EventType "swiss"]
[EventRounds "6"]
[EventCountry "BRA"]
[SourceTitle "EXT 2015"]
[Source "ChessBase"]
[SourceDate "2014.11.20"]
[SourceVersion "1"]
[SourceVersionDate "2014.11.20"]
[SourceQuality "1"]

1. e4 c5 2. Nf3 d6 3. d4 cxd4 4. Nxd4 Nf6 5. Nc3 a6 6. Be3 e5 7. Nb3 Be7 8. f3 Be6 9. Qd2 Nbd7 10. 0-0-0 Nb6 11. Qf2 Nc4 12. Bxc4 Bxc4 13. Bb6 Qc8 14. Na5 Be6 15. Kb1 0-0 16. f4 Ng4 17. Qf3 exf4 18. Qxf4 f5 19. Nd5 Bxd5 20. exd5 Ne5 21. Nb3 Nc4 22. Bd4 a5 23. Rhe1 Rf7 24. Re6 a4 25. Nd2 Ra5 26. Qf3 Bg5 27. Nxc4 Qxc4 28. Re8+ Rf8 29. Rxf8+ Kxf8 30. Qxf5+ Kg8 31. Qxg5 1-0

[Event "Rio de Janeiro Verao op"]
[Site "Rio de Janeiro"]
[Date "2013.03.24"]
[Round "6"]
[White "Cabral, Paulo Eduardo Carva"]
[Black "Rabello, David Sousa"]
[Result "1-0"]
[WhiteElo "2094"]
[BlackElo "1910"]
[PlyCount "63"]
[EventDate "2013.03.01"]
[EventType "swiss"]
[EventRounds "7"]
[EventCountry "BRA"]
[SourceTitle "EXT 2014"]
[Source "ChessBase"]
[SourceDate "2013.11.20"]
[SourceVersion "1"]
[SourceVersionDate "2013.11.20"]
[SourceQuality "1"]

1. d4 g6 2. e4 Bg7 3. Nc3 c5 4. d5 d6 5. Bd3 Nf6 6. h3 a6 7. a4 0-0 8. Nf3 e6 9. 0-0 exd5 10. exd5 Re8 11. Bg5 Qc7 12. Qd2 Nbd7 13. Rfe1 c4 14. Bf1 Qb6 15. a5 Qb4 16. Rxe8+ Nxe8 17. Re1 Nef6 18. Ne4 Qxd2 19. Nexd2 b5 20. axb6 Bb7 21. Nxc4 Bxd5 22. Nfd2 Rb8 23. Be3 Bf8 24. Bd4 Bb7 25. Na5 Ba8 26. Bxa6 Bh6 27. Ndb3 Bd5 28. b7 Ne4 29. c4 Nec5 30. Bxc5 Nxc5 31. Nxc5 dxc5 32. cxd5 1-0

[Event "Rio de Janeiro IRT de Outono"]
[Site "Rio de Janeiro"]
[Date "2011.05.03"]
[Round "3.13"]
[White "Rodrigues, Nei Jorge"]
[Black "Rabello, David Sousa"]
[Result "0-1"]
[WhiteElo "2035"]
[BlackElo "1958"]
[PlyCount "48"]
[EventDate "2011.04.29"]
[EventType "tourn"]
[EventRounds "7"]
[EventCountry "BRA"]
[SourceTitle "EXT 2022"]
[Source "ChessBase"]
[SourceDate "2021.10.06"]
[SourceVersion "1"]
[SourceVersionDate "2021.10.06"]
[SourceQuality "1"]

1. c4 Nf6 2. Nc3 e5 3. Nf3 Nc6 4. g3 d5 5. cxd5 Nxd5 6. Bg2 Nb6 7. 0-0 Be7 8. d3 0-0 9. Be3 f5 10. Qd2 Nd5 11. Nxd5 Qxd5 12. Rfc1 Bb4 13. Qc2 f4 14. Ng5 Qd8 15. gxf4 Kh8 16. Qc4 exf4 17. Bxf4 Qd4 18. Nf7+ Rxf7 19. Qxf7 Bg4 20. e3 Qxd3 21. Qxc7 Na5 22. f3 Bf5 23. Rd1 Qc4 24. a3 Rc8 0-1

[Event "Rio de Janeiro Ferreira Memorial"]
[Site "Rio de Janeiro"]
[Date "2010.10.23"]
[Round "3.5"]
[White "Rabello, David Sousa"]
[Black "Von Buelow, Georg"]
[Result "0-1"]
[WhiteElo "1946"]
[BlackElo "2402"]
[PlyCount "34"]
[EventDate "2010.10.02"]
[EventType "swiss"]
[EventRounds "7"]
[EventCountry "BRA"]
[SourceTitle "EXT 2022"]
[Source "ChessBase"]
[SourceDate "2021.10.06"]
[SourceVersion "1"]
[SourceVersionDate "2021.10.06"]
[SourceQuality "1"]

1. e4 Nf6 2. e5 Nd5 3. Nf3 d6 4. d4 Bg4 5. Bc4 dxe5 6. dxe5 e6 7. 0-0 c6 8. Qd3 Nd7 9. Bxd5 cxd5 10. Nbd2 Qc7 11. Re1 Bf5 12. Qd4 Qxc2 13. Nb3 Be7 14. Bf4 Qd3 15. Qa4 Qc4 16. Qxc4 dxc4 17. Na5 Bb4 0-1